Biblioteca y Centro de Documentación

La robótica, los materiales inteligentes y su impacto futuro para la huminidad (Registro nro. 49126)

Detalles MARC
000 -CABECERA
Longitud fija campo de control 01128naa a2200325 c 4500
001 - NÚMERO DE CONTROL
Número de control 49126
003 - IDENTIFICADOR DE NÚMERO DE CONTROL
Identificador del número de control ES-MaCES
005 - FECHA Y HORA DE LA ÚLTIMA TRANSACCIÓN
Fecha y hora de la última transacción 20170405110127.0
008 - CAMPO FIJO DE DESCRIPCIÓN FIJA--INFORMACIÓN GENERAL
Códigos de información de longitud fija   170405s2016 sp ||||| t||||||| ||spa d
040 ## - FUENTE DE CATALOGACIÓN
Centro catalogador de origen ES-MaCES
Lengua de catalogación spa
Centro transcriptor ES-MaCES
Centro modificado ES-MaCES
100 1# - ENCABEZAMIENTO PRINCIPAL--NOMBRE PERSONAL
9 (RLIN) 37974
Nombre de persona Rossiter, Jonathan
245 13 - MENCIÓN DE TÍTULO
Título La robótica, los materiales inteligentes y su impacto futuro para la huminidad
Mención de responsabilidad, etc. Jonathan Rossiter
500 ## - NOTA GENERAL
Nota general Resumen
504 ## - NOTA DE BIBLIOGRAFÍA, ETC.
Nota de bibliografía, etc. Bibliografía: p. 45
650 #4 - ASIENTO SECUNDARIO DE MATERIA--TÉRMINO DE MATERIA
9 (RLIN) 28238
Término de materia o nombre geográfico como elemento inicial tecnología
650 #4 - ASIENTO SECUNDARIO DE MATERIA--TÉRMINO DE MATERIA
9 (RLIN) 28236
Término de materia o nombre geográfico como elemento inicial cambio tecnológico
650 #4 - ASIENTO SECUNDARIO DE MATERIA--TÉRMINO DE MATERIA
9 (RLIN) 30166
Término de materia o nombre geográfico como elemento inicial inteligencia artificial
650 #4 - ASIENTO SECUNDARIO DE MATERIA--TÉRMINO DE MATERIA
9 (RLIN) 28875
Término de materia o nombre geográfico como elemento inicial cibernética
650 #4 - ASIENTO SECUNDARIO DE MATERIA--TÉRMINO DE MATERIA
9 (RLIN) 29509
Término de materia o nombre geográfico como elemento inicial robot industrial
650 #4 - ASIENTO SECUNDARIO DE MATERIA--TÉRMINO DE MATERIA
9 (RLIN) 29780
Término de materia o nombre geográfico como elemento inicial biotecnología
650 #4 - ASIENTO SECUNDARIO DE MATERIA--TÉRMINO DE MATERIA
9 (RLIN) 30450
Término de materia o nombre geográfico como elemento inicial materiales de punta
650 #4 - ASIENTO SECUNDARIO DE MATERIA--TÉRMINO DE MATERIA
9 (RLIN) 30464
Término de materia o nombre geográfico como elemento inicial fibras sintéticas orgánicas
650 #4 - ASIENTO SECUNDARIO DE MATERIA--TÉRMINO DE MATERIA
9 (RLIN) 27286
Término de materia o nombre geográfico como elemento inicial cambio social
650 #4 - ASIENTO SECUNDARIO DE MATERIA--TÉRMINO DE MATERIA
9 (RLIN) 28211
Término de materia o nombre geográfico como elemento inicial relaciones humanas
650 #4 - ASIENTO SECUNDARIO DE MATERIA--TÉRMINO DE MATERIA
9 (RLIN) 28901
Término de materia o nombre geográfico como elemento inicial futuro
653 10 - TÉRMINO DE INDEXACIÓN--NO CONTROLADO
Término no controlado Nuevas tecnologías
773 0# - ENTRADA DE DOCUMENTO FUENTE
Itemnumber del ítem fuente 85984
Lugar, editor y fecha de publicación [Madrid] BBVA [2016]
Otro identificador del documento 088882
Título El próximo paso
Número de control del registro relacionado (ES-MaCES)49104
Número Internacional Normalizado para Libros (ISBN) 9788416714445
Parte(s) relacionada(s) p. 28-45 . - SG-7.0.-384
902 ## - CES. TIPO DE DOCUMENTO
Tipodoc (006$c Sirtex) ARL Artículo de libro
942 ## - ELEMENTOS KOHA
Fuente de clasificaión o esquema Clasificación propia del CES
Koha [por defecto] tipo de item Artículos (1982-2017)
Parte de clasificación Nuevas Tecnologías

No hay ítems disponibles.

© CES, Consejo Económico y Social de España 2021